Cesarze Świętego Cesarstwa Rzymskiego - Statystyki

Ogólne statystyki
  • Ten quiz został rozwiązany 109 razy
  • Średni wynik to 24 z 45
Statystyki odpowiedzi
. . % Poprawnych
973r. - 983r. Otton II
83%
996r. - 1002r. Otton III
81%
1046r. - 1056r. Henryk III
74%
1084r. - 1105r. Henryk IV
74%
1355r. - 1378r. Karol IV
73%
800r. - 814r. Karol I Wielki
73%
1519r. - 1556r. Karol V
71%
1111r. - 1125r. Henryk V
67%
1508r. - 1519r. Maksymilian I
67%
855r. -875r. Ludwik II
66%
1792r. - 1806r. Franciszek II
64%
962r. - 973r. Otton I Wielki
63%
1433r. - 1437r. Zygmunt
63%
1705r. - 1711r. Józef I
61%
1765r. - 1790r. Józef II
61%
1711r. - 1740r. Karol VI
61%
1558r. - 1564r. Ferdynand I
59%
1220r. - 1250r. Fryderyk II
59%
840r. - 855r. Lotar I
59%
1558r. - 1576r. Maksymilian II
59%
1619r. - 1637r. Ferdynand II
57%
1155r. - 1190r. Fryderyk I Barbarossa
54%
1191r. - 1197r. Henryk VI
54%
1658r. - 1705r. Leopold I
53%
1637r. - 1657r. Ferdynand III
51%
1576r. - 1612r. Rudolf II
51%
1790r. - 1792r. Leopold II
50%
1452r. - 1493r. Fryderyk III
49%
1133r. - 1137r. Lotar III
49%
1312r. - 1313r. Henryk VII Luksemburski
47%
814r. - 840r. Ludwik I Pobożny
47%
1612r. - 1619r. Maciej
46%
1027r. - 1039r. Konrad II
43%
1745r. - 1790r. Franciszek I Lotaryński
40%
1014r. - 1024r. Henryk II Święty
40%
875r. - 877r. Karol II Łysy
40%
1209r. - 1215r. Otto IV
40%
881r. - 888r. Karol III Gruby
39%
1742r. - 1745r. Karol VII Bawarski
31%
1328r. - 1347r. Ludwik IV Bawarski
30%
896r. - 899r. Arnulf z Karyntii
27%
894r. - 898r. Lambert ze Spoleto
24%
901r. - 905r. Ludwik III Ślepy
24%
915r. - 924r. Berengar I z Friulu
23%
891r. - 894r. Gwido ze Spoleto
23%
Nie znaleziono quizów pasujących do podanych kryteriów
Rozkład punktacji
Procent ludzi z każdym wynikiem
Percentyl według liczby udzielonych odpowiedzi
Twoja historia wyników
Nie rozwiązałeś tego quizu